000 00854nam a2200253Ia 4500
003 OSt
005 20220923213845.0
006 a|||||r|||| 00| 0
007 ta
008 220922b |||||||| |||| 00| 0 hin d
024 _a165,235
037 _cTextual
040 _aARTS
_cARTS
_bhin
041 _2hin
_ahin
082 _aO152:1M96w, K9-;8;1(TTPH)
100 _aपाण्डेय, गंगा प्रसाद
_9156354
245 0 _a़महाप्राण निराला
246 _a़hināprāṇ nirālā
250 _aसंस्क0 2
260 _aइलाहाबाद
_b लोक भारती प्रका0
_c1943
300 _a460पृ.
_ccm.
942 _hO152:1M96w, K9-;8;1(TTPH)
_cTEXL
_2CC
999 _c319714
_d319714